|
|
|
|
| LEADER |
01129nam a2200289 a 4500 |
| 001 |
GR-Patra2648 |
| 008 |
991022s gr 000 b eng d |
| 020 |
|
|
|a 8170362342
|
| 040 |
|
|
|a GrPaTEI
|b gre
|c GR-PaULI
|
| 245 |
0 |
0 |
|a International trade in textiles :
|b MFA quotas and a developing exporting country.
|
| 260 |
|
|
|a New Delhi :
|b SAGE Publications,
|c c1991
|
| 300 |
|
|
|a 196σ. :
|b πίν.
|
| 500 |
|
|
|a Bibliography: p.195-196
|
| 650 |
|
0 |
|a INDIA
|
| 650 |
|
0 |
|a INTERNATIONAL TRADE
|
| 650 |
|
0 |
|a TEXTILE INDUSTRY
|
| 650 |
|
4 |
|a Διεθνές εμπόριο
|
| 650 |
|
4 |
|a ΙΝΔΙΑ
|
| 650 |
|
4 |
|a ΚΛΩΣΤΟΥΦΑΝΤΟΥΡΓΙΑ
|
| 653 |
|
|
|a ΔΙΕΘΝΕΣ ΕΜΠΟΡΙΟ - ΚΛΩΣΤΟΥΦΑΝΤΟΥΡΓΙΑ
|
| 653 |
|
|
|a ΚΛΩΣΤΟΥΦΑΝΤΟΥΡΓΙΑ - ΙΝΔΙΑ
|
| 700 |
1 |
|
|a Khanna, Sri ram
|
| 710 |
0 |
|
|a SAGE Publications
|
| 942 |
|
|
|2 ddc
|
| 952 |
|
|
|0 0
|1 0
|2 ddc
|4 0
|6 382_456770954000000_KHA
|7 0
|9 284479
|a LISK
|b LISK
|c BSC
|d 2021-01-17
|e 24
|f 0
|g 0.00
|l 0
|o 382.456770954 KHA
|p 9241007587
|r 2021-01-17 00:00:00
|t 1
|w 2021-01-17
|y BK15
|x 19991024 0 1
|x GrPaTEI
|
| 971 |
|
|
|a .b26501508
|b 15-04-20
|c 23-09-16
|
| 999 |
|
|
|c 165558
|d 165558
|